| 000 | 00000nam 2200000za 4500 |
| 001 | 9.689804 |
| 003 | CaOODSP |
| 005 | 20210624232048 |
| 007 | cr ||||||||||| |
| 008 | 150407s2001 onc|||||o f|0| 0 eng d |
| 040 | |aCaOODSP|beng |
| 043 | |an-cn--- |
| 086 | 1 |aS53-28/2001E-PDF |
| 110 | 1 |aCanada. |bPublic Works and Government Services Canada. |bTranslation Bureau. |
| 245 | 10|aHandbook of terminology |h[electronic resource] / |c[by] Silvia Pavel and Diane Nolet. Adapted into English by Christine Leonhardt. |
| 260 | |aOttawa : |bPublic Works and Government Services Canada, |c2001. |
| 300 | |a172 p. : |bcoloured figs., glossary, organization charts, tables, index. |
| 500 | |aThe catalogue number (S53-28/2001) and ISBN (0-660-61616-5) for the bilingual print edition have been incorrectly copied in this English electronic publication. |
| 504 | |aBibliography. |
| 590 | |a07-04-Supp|b2007-06-29 |
| 690 | 07|aTerminology|2gcpds |
| 700 | 1 |aPavel, Silvia. |
| 700 | 1 |aNolet, Diane. |
| 775 | 08|tPrécis de terminologie |w(CaOODSP)9.634201 |
| 775 | 08|tHandbook of terminology |w(CaOODSP)9.675041 |
| 775 | 08|tPrécis de terminologie |w(CaOODSP)9.675042 |
| 775 | 08|tManual de terminologia |w(CaOODSP)9.675603 |
| 775 | 08|tManual de terminologia |w(CaOODSP)9.675604 |
| 775 | 08|tManual de terminologia |w(CaOODSP)9.675605 |
| 775 | 08|tManual de terminologia |w(CaOODSP)9.675606 |
| 775 | 08|tHandbook of terminology |w(CaOODSP)9.688659 |
| 856 | 40|ahttp://publications.gc.ca|qPDF|s1.75 Mo|uhttps://publications.gc.ca/collections/collection_2007/pwgsc-tpsgc/S53-28-2001E.pdf |